Guide to the Universal decimal classification (UDC). (Record no. 136911)
[ view plain ]
| 000 -LEADER | |
|---|---|
| fixed length control field | 00905cam8a220026500 4500 |
| 001 - CONTROL NUMBER | |
| control field | qce00910833 |
| 005 - DATE AND TIME OF LATEST TRANSACTION | |
| control field | 20190822125230.0 |
| 008 - FIXED-LENGTH DATA ELEMENTS--GENERAL INFORMATION | |
| fixed length control field | 740910s1963 enk 000 0 eng u |
| 035 ## - SYSTEM CONTROL NUMBER | |
| System control number | (Sirsi) r96507 |
| 035 ## - SYSTEM CONTROL NUMBER | |
| System control number | (QCAT)lss00643942 |
| 035 ## - SYSTEM CONTROL NUMBER | |
| System control number | (UPRA)qce00910833 |
| 040 ## - CATALOGING SOURCE | |
| Modifying agency | UPRA |
| 050 0# - LIBRARY OF CONGRESS CALL NUMBER | |
| Classification number | Z696.D6 |
| Item number | B7 |
| 110 2# - MAIN ENTRY--CORPORATE NAME | |
| Corporate name or jurisdiction name as entry element | British Standards Institution. |
| Linkage | A3149.1 |
| 245 10 - TITLE STATEMENT | |
| Title | Guide to the Universal decimal classification (UDC). |
| 260 ## - PUBLICATION, DISTRIBUTION, ETC. | |
| Place of publication, distribution, etc. | London, |
| Date of publication, distribution, etc. | 1963. |
| 440 #0 - SERIES STATEMENT/ADDED ENTRY--TITLE | |
| Title | FID publication ; |
| Volume/sequential designation | no. 345 |
| Linkage | S6140.1 |
| 490 1# - SERIES STATEMENT | |
| Series statement | B[ritish] S[tandards Institution. Reports] ; |
| Volume/sequential designation | 1000 C |
| 650 #0 - SUBJECT ADDED ENTRY--TOPICAL TERM | |
| Topical term or geographic name entry element | Classification -- Books. |
| General subdivision | Classification -- Books. |
| Linkage | S323.2 |
| 730 0# - ADDED ENTRY--UNIFORM TITLE | |
| Uniform title | Universal decimal classification. |
| 830 #0 - SERIES ADDED ENTRY--UNIFORM TITLE | |
| Uniform title | B.S. (Series) ; |
| Volume/sequential designation | 1000 C |
| Linkage | S9060.1 |
| 949 ## - LOCAL PROCESSING INFORMATION (OCLC) | |
| a | Z696.D6 |
| w | lcc |
| m | MAIN |
| p | 2500 |
| t | BOOK |
| l | ON-SHELF |
| 987 ## - LOCAL ROMANIZATION/CONVERSION HISTORY (OCLC) | |
| Romanization/conversion identifier | Holdings : use? |
| Agency that converted, created or reviewed | only copy on card marked missing. |
No items available.